[Event "VfL Sindelfingen-Stuttgarter SF II"]
[Site "?"]
[Date "2003.02.23"]
[Round "6.5"]
[White "Schwarzburger, Lothar"]
[Black "Fahnenschmidt, Gerhard"]
[Result "1-0"]
[WhiteElo "2173"]
[BlackElo "2101"]
[PlyCount "155"]
[EventDate "2003.??.??"]

1. e4 c5 2. Nf3 d6 3. d4 Nf6 4. Nc3 cxd4 5. Nxd4 a6 6. a4 g6 7. Be2 Bg7 8. Be3
Nc6 9. Qd2 O-O 10. O-O Ng4 11. Bxg4 Bxg4 12. Nxc6 bxc6 13. Bh6 Bxh6 14. Qxh6
Rb8 15. b3 Qa5 16. Qe3 Bc8 17. f4 e5 18. Rad1 exf4 19. Rxf4 Qe5 20. Ne2 Re8 21.
Qd4 g5 22. Qxe5 Rxe5 23. Rf2 d5 24. exd5 Bg4 25. Rd2 cxd5 26. Nd4 Re1+ 27. Rf1
Rxf1+ 28. Kxf1 Rb6 29. h3 Be6 30. Ke2 Kg7 31. Kd3 h5 32. Rf2 Kg6 33. Nxe6 fxe6
34. Kd4 Rb4+ 35. Kc5 a5 36. Kd6 Re4 37. Ke7 h4 38. Rf6+ Kh5 39. Rxe6 g4 40. Kd6
Rf4 41. Re5+ Kg6 42. hxg4 Rxg4 43. Re2 d4 44. Ke5 Kg5 45. Rf2 Kh5 46. Rf5+ Kh6
47. Rf8 Rxg2 48. Rh8+ Kg7 49. Rxh4 Rxc2 50. Kxd4 Kg6 51. Rh8 Rc7 52. Rb8 Kf7
53. Rb5 Ra7 54. Kc5 Ra8 55. Kb6 Ke7 56. Kb7 Rd8 57. Rxa5 Rd7+ 58. Kc8 Rd6 59.
Rb5 Rc6+ 60. Kb7 Rc3 61. a5 Kd6 62. Rb6+ Kd7 63. b4 Rc7+ 64. Ka6 Kc8 65. Rh6
Rd7 66. b5 Rd8 67. Ka7 Rd7+ 68. Kb6 Rd8 69. Kc6 Kb8 70. b6 Rc8+ 71. Kb5 Rg8 72.
a6 Rg5+ 73. Kc6 Rg8 74. Re6 Rc8+ 75. Kd7 Ka8 76. Re8 Rb8 77. Rxb8+ Kxb8 78. b7
1-0

[Event "VfL Sindelfingen-Stuttgarter SF II"]
[Site "?"]
[Date "2003.02.23"]
[Round "6.6"]
[White "Kotlyar, Dimitri"]
[Black "Wolf, Walter"]
[Result "0-1"]
[WhiteElo "2090"]
[BlackElo "2213"]
[PlyCount "128"]
[EventDate "2003.??.??"]

1. e4 e5 2. Nf3 Nc6 3. d4 exd4 4. Nxd4 Bc5 5. Be3 Qf6 6. c3 Nge7 7. Bc4 Ne5 8.
Be2 d5 9. O-O Qg6 10. Nd2 dxe4 11. Bh5 Qb6 12. b4 Bxd4 13. Bxd4 Qe6 14. Nxe4
O-O 15. f4 N5c6 16. Ng5 Qh6 17. Bc5 Qf6 18. Qb3 h6 19. b5 b6 20. Ne4 Qf5 21.
Bxe7 Nxe7 22. Ng3 Qc5+ 23. Kh1 Be6 24. Qb4 Qxb4 25. cxb4 Bc4 26. Rfc1 Bxb5 27.
Bf3 Rac8 28. Bb7 Rcd8 29. Rxc7 Nd5 30. Bxd5 Rxd5 31. Rxa7 Rd2 32. Rc7 Ra8 33.
h3 Raxa2 34. Rxa2 Rxa2 35. Rc8+ Kh7 36. Rc7 Rb2 37. f5 Ba4 38. Nh5 Bb3 39. Nf4
b5 40. Nd3 Rd2 41. Ne5 Bd5 42. Nf3 Rb2 43. Rd7 Bxf3 44. gxf3 Rxb4 45. Rxf7 Rf4
46. Kg2 Kg8 47. Rb7 Rxf5 48. Kg3 Rc5 49. f4 Rc3+ 50. Kg4 Rb3 51. h4 b4 52. Kh5
Kf8 53. Kg6 Rg3+ 54. Kf5 b3 55. Ke6 Kg8 56. Kf5 h5 57. Rb8+ Kf7 58. Rb7+ Ke8
59. Ke6 Kd8 60. f5 Kc8 61. Rb4 Kc7 62. f6 gxf6 63. Kxf6 Kc6 64. Rb8 Kc5 0-1

[Event "VfL Sindelfingen-Stuttgarter SF II"]
[Site "?"]
[Date "2003.02.23"]
[Round "6.7"]
[White "Gabriel, Josef"]
[Black "Weisenburger, Thomas"]
[Result "1-0"]
[WhiteElo "2080"]
[BlackElo "2053"]
[PlyCount "45"]
[EventDate "2003.??.??"]

1. c4 f5 2. d4 g6 3. g3 Bg7 4. Bg2 Nf6 5. Nc3 d6 6. Nh3 O-O 7. d5 c5 8. Nf4 Ng4
9. h4 Bf6 10. e4 Bd4 11. O-O Qe8 12. Nb5 Bxf2+ 13. Rxf2 Nxf2 14. Kxf2 Na6 15.
Qe2 Bd7 16. Nc3 fxe4 17. Bxe4 Nc7 18. Kg2 Bf5 19. Bd2 Qd7 20. Re1 Rf7 21. Bxf5
Qxf5 22. Ne4 Rd8 23. Ng5 1-0

[Event "VfL Sindelfingen-Stuttgarter SF II"]
[Site "?"]
[Date "2003.02.23"]
[Round "6.8"]
[White "Weisenburger, Horst"]
[Black "Seibel, Ulrich"]
[Result "0-1"]
[WhiteElo "2003"]
[BlackElo "2068"]
[PlyCount "38"]
[EventDate "2003.??.??"]

1. e4 e6 2. d4 d5 3. Nc3 Nf6 4. Bg5 Bb4 5. e5 h6 6. Bd2 Bxc3 7. Bxc3 Ne4 8. Bb4
c5 9. dxc5 Nxf2 10. Qd4 Nxh1 11. Nf3 Bd7 12. Bc3 Nc6 13. Qe3 g5 14. g4 b6 15.
Nd4 bxc5 16. Nb5 d4 17. Nd6+ Kf8 18. Qf3 Nxe5 19. Qxh1 Bc6 0-1

[Event "Stuttgarter SF II-SV Wolfbusch"]
[Site "?"]
[Date "2003.03.22"]
[Round "7.1"]
[White "Leyrer, Achim"]
[Black "Berezovsky, Igor"]
[Result "1/2-1/2"]
[WhiteElo "2206"]
[BlackElo "2418"]
[PlyCount "41"]
[EventDate "2003.??.??"]

1. d4 Nf6 2. c4 g6 3. Nc3 d5 4. cxd5 Nxd5 5. e4 Nxc3 6. bxc3 Bg7 7. Nf3 c5 8.
Rb1 O-O 9. Be2 Qc7 10. O-O b6 11. Bg5 Bb7 12. Qd3 Nd7 13. d5 Ne5 14. Nxe5 Qxe5
15. f4 Qxc3 16. Bxe7 Rfe8 17. d6 Qd4+ 18. Kh1 Bxe4 19. Qxd4 Bxd4 20. Bb5 Reb8
21. f5 1/2-1/2

[Event "Stuttgarter SF II-SV Wolfbusch"]
[Site "?"]
[Date "2003.03.22"]
[Round "7.2"]
[White "Migl, Dieter"]
[Black "Ott, Frank"]
[Result "1/2-1/2"]
[WhiteElo "2208"]
[BlackElo "2285"]
[PlyCount "59"]
[EventDate "2003.??.??"]

1. e4 g6 2. Nc3 Bg7 3. f4 c5 4. Nf3 Nc6 5. Bb5 Nd4 6. a4 e6 7. d3 Ne7 8. e5 a6
9. Bc4 d5 10. exd6 Qxd6 11. Ne4 Qc7 12. c3 Nxf3+ 13. Qxf3 O-O 14. Be3 b6 15.
Nxc5 Nd5 16. Ne4 Bb7 17. O-O h6 18. Qf2 Nxe3 19. Qxe3 Kh7 20. Nd2 b5 21. axb5
axb5 22. Bxb5 Bxg2 23. Kxg2 Rxa1 24. Rxa1 Qb7+ 25. Qe4 Qxb5 26. Nc4 Qb3 27. Qe2
Qb7+ 28. Qe4 Qb3 29. Qe2 Qb7+ 30. Qe4 1/2-1/2

[Event "Stuttgarter SF II-SV Wolfbusch"]
[Site "?"]
[Date "2003.03.22"]
[Round "7.3"]
[White "Dietrich, Frank"]
[Black "Schmid, Hartmut"]
[Result "1/2-1/2"]
[WhiteElo "2180"]
[BlackElo "2171"]
[PlyCount "121"]
[EventDate "2003.??.??"]

1. d4 d5 2. g3 g6 3. Bg2 Bg7 4. Nf3 Nf6 5. O-O O-O 6. b3 Ne4 7. Bb2 Nd7 8. Nbd2
Ndf6 9. c4 c6 10. Rc1 Be6 11. Ne5 Nd6 12. c5 Nde4 13. Nb1 Nd7 14. Nd3 Qc7 15.
f3 Nef6 16. e4 Bh6 17. Rc3 Rad8 18. e5 Nh5 19. g4 Nf4 20. Bc1 g5 21. Bxf4 gxf4
22. Qe1 f6 23. exf6 Rxf6 24. h4 Bf7 25. g5 Re6 26. Qd2 Bg7 27. Nxf4 Nf8 28. Bh3
Rg6 29. Nxg6 Qg3+ 30. Bg2 Nxg6 31. f4 Qxh4 32. Rd3 Qg4 33. Kh2 Nh4 34. Bh3 Qh5
35. f5 Nxf5 36. Rxf5 Bg6 37. Rdf3 e6 38. R5f4 Bxb1 39. Qe1 Be4 40. Rxe4 dxe4
41. Qxe4 e5 42. Qf5 exd4 43. Kg2 Qe8 44. Bg4 Qe2+ 45. Rf2 Qe7 46. Re2 Qf7 47.
Qe4 Kh8 48. Re1 Rf8 49. Bf3 Qf5 50. Qxf5 Rxf5 51. Re7 Bf8 52. Rxb7 Rxg5+ 53.
Kf2 Bxc5 54. Bxc6 d3+ 55. Kf3 Rg6 56. Be4 Rf6+ 57. Kg4 d2 58. Rxh7+ Kg8 59. Rd7
Bd6 60. Bc2 Kf8 61. Kg5 1/2-1/2

[Event "Stuttgarter SF II-SV Wolfbusch"]
[Site "?"]
[Date "2003.03.22"]
[Round "7.4"]
[White "Gabriel, Robert"]
[Black "Haecker, Johannes"]
[Result "1-0"]
[WhiteElo "2153"]
[BlackElo "2166"]
[PlyCount "191"]
[EventDate "2003.??.??"]

1. d4 Nf6 2. c4 e6 3. Nf3 d5 4. cxd5 exd5 5. Nc3 c6 6. Bg5 Bf5 7. e3 Qb6 8. Qc1
Nbd7 9. Be2 Bd6 10. O-O h6 11. Bh4 O-O 12. a3 a5 13. Bg3 Bxg3 14. hxg3 Rfe8 15.
Rd1 a4 16. Ne1 Qa5 17. Bd3 Be6 18. Nc2 Rac8 19. Nb4 b5 20. e4 dxe4 21. Bxe4 Nd5
22. Bxd5 cxd5 23. Qf4 Nb6 24. Re1 Red8 25. Qf3 Rd7 26. Nd3 Nc4 27. Nc5 Re7 28.
Nxe6 Rxe6 29. Qxd5 Rxe1+ 30. Rxe1 Nxa3 31. Re7 Rf8 32. Rb7 Qb4 33. Qa2 Nc2 34.
Rxb5 Qxd4 35. Qxa4 Qd2 36. Qf4 Qe1+ 37. Kh2 Qe6 38. Qe4 Qxe4 39. Nxe4 Re8 40.
f3 Nd4 41. Rd5 Nc6 42. g4 Rb8 43. Rc5 Nb4 44. b3 Nd3 45. Rc3 Ne5 46. Kg3 Rb6
47. Kf4 Nc6 48. Nc5 Rb4+ 49. Ke3 Na5 50. Kd3 g6 51. Kc2 Kg7 52. Nd3 Rb6 53. b4
Nc6 54. Rc4 Kf6 55. Kc3 Kg5 56. g3 f5 57. Rc5 h5 58. gxf5 gxf5 59. b5 Nb8 60.
Ne5 h4 61. f4+ Kh5 62. gxh4 Kxh4 63. Nc4 Rf6 64. Rc8 Nd7 65. Rg8 Re6 66. Rg5
Re7 67. Nd6 Re1 68. Nxf5+ Kh3 69. Nd4 Rb1 70. f5 Rc1+ 71. Kb4 Rb1+ 72. Kc4 Rc1+
73. Kd5 Rd1 74. Rg6 Kh4 75. b6 Rb1 76. Ke4 Nxb6 77. f6 Re1+ 78. Kf5 Rf1+ 79.
Ke6 Re1+ 80. Kd6 Nc4+ 81. Kd5 Ne3+ 82. Kd6 Rf1 83. Ke6 Kh5 84. Rg3 Ng4 85. f7
Nh6 86. Nf3 Nxf7 87. Kxf7 Ra1 88. Kf6 Ra6+ 89. Kf5 Ra5+ 90. Ne5 Kh6 91. Rg6+
Kh7 92. Rc6 Kg7 93. Rc7+ Kg8 94. Kg6 Ra8 95. Rg7+ Kf8 96. Nd7+ 1-0

[Event "Stuttgarter SF II-SV Wolfbusch"]
[Site "?"]
[Date "2003.03.22"]
[Round "7.5"]
[White "Hering, Frank"]
[Black "Haas, Wilhelm"]
[Result "0-1"]
[WhiteElo "2120"]
[BlackElo "2113"]
[PlyCount "130"]
[EventDate "2003.??.??"]

1. d4 Nf6 2. c4 c5 3. d5 g6 4. Nc3 Bg7 5. e4 d6 6. h3 O-O 7. Nf3 Na6 8. Bd3 Bd7
9. O-O Nc7 10. Bg5 a6 11. a4 Rb8 12. a5 b5 13. axb6 Rxb6 14. Qd2 e5 15. Ra2 Qb8
16. Nd1 Kh8 17. Nh2 Ng8 18. Be3 f5 19. exf5 gxf5 20. f4 e4 21. Be2 Qd8 22. Nf2
Qe7 23. g4 Rfb8 24. Nd1 Rb4 25. Nc3 Nh6 26. g5 Ng8 27. Rf2 a5 28. Nf1 a4 29.
Ng3 Qf7 30. Nh5 Rb3 31. Nxg7 Qxg7 32. h4 a3 33. Rxa3 Rxb2 34. Qd1 Nf6 35. Bc1
R2b7 36. Rg2 Nfe8 37. Be3 Ra8 38. Rxa8 Nxa8 39. Qc2 Nac7 40. h5 Na6 41. h6 Qe7
42. Nb5 Bxb5 43. cxb5 Nb4 44. Qc3+ Kg8 45. Bc4 Qf7 46. Qb3 Ra7 47. Qd1 Kf8 48.
Rb2 Rb7 49. Rd2 Qg6 50. Be2 Nf6 51. Qa1 Nd7 52. Qa8+ Rb8 53. Qa7 Ke7 54. Kf2
Qe8 55. Qa1 Qf7 56. Qd1 Nb6 57. Bh5 Qf8 58. Qb3 Qg8 59. Qa3 Ra8 60. Qc1 Nd3+
61. Rxd3 exd3 62. Bxc5 Qxd5 63. Qe3+ Kd7 64. Bxb6 Ra2+ 65. Ke1 Qh1+ 0-1

[Event "Stuttgarter SF II-SV Wolfbusch"]
[Site "?"]
[Date "2003.03.22"]
[Round "7.6"]
[White "Schwarzburger, Lothar"]
[Black "Flachsbart, Alexander"]
[Result "1-0"]
[WhiteElo "2173"]
[BlackElo "2055"]
[PlyCount "129"]
[EventDate "2003.??.??"]

1. e4 c5 2. Nf3 d6 3. d4 cxd4 4. Nxd4 Nf6 5. Nc3 g6 6. Bc4 Bg7 7. Bb3 O-O 8. f3
Nc6 9. Be3 Bd7 10. Qd2 Qa5 11. O-O-O Rfc8 12. h4 Ne5 13. h5 Nxh5 14. g4 Nf6 15.
Bh6 Rxc3 16. Bxg7 Rxc2+ 17. Kxc2 Rc8+ 18. Kb1 Qxd2 19. Rxd2 Kxg7 20. Rc2 Rc5
21. Rd1 b6 22. Rf2 g5 23. Rh2 a5 24. a4 Ng6 25. Ne2 Ne5 26. Nd4 Bc8 27. Rdd2
Bb7 28. Bd1 Ba6 29. Be2 Bxe2 30. Rhxe2 e6 31. Rc2 h5 32. gxh5 Nxh5 33. Re3 Nf4
34. Nb5 Rc4 35. b3 Rb4 36. Ka2 Nfd3 37. Rc3 Nc5 38. Nxd6 Rd4 39. Nc4 Ncd3 40.
Nxb6 Nb4+ 41. Kb1 Kf6 42. Nc4 Nec6 43. Rc1 Kg6 44. Nb2 Rd2 45. Rd1 Rxd1+ 46.
Nxd1 Kf6 47. Kc1 Ke5 48. Kd2 Nd4 49. Nf2 f6 50. Rc3 Kf4 51. Nh3+ Kg3 52. f4+
Nf3+ 53. Ke2 g4 54. Ng1 Kxf4 55. Nxf3 gxf3+ 56. Rxf3+ Ke5 57. Rc3 Kxe4 58. Rc5
f5 59. Rxa5 f4 60. Rc5 f3+ 61. Kf1 Nd3 62. Rc4+ Kd5 63. a5 Nc5 64. Rxc5+ Kxc5
65. Kf2 1-0

[Event "Stuttgarter SF II-SV Wolfbusch"]
[Site "?"]
[Date "2003.03.22"]
[Round "7.7"]
[White "Huettig, Michael"]
[Black "Wolf, Walter"]
[Result "1-0"]
[WhiteElo "2061"]
[BlackElo "2213"]
[PlyCount "59"]
[EventDate "2003.??.??"]

1. Nf3 g6 2. g3 Bg7 3. Bg2 c5 4. O-O Nf6 5. d3 Nc6 6. Nc3 O-O 7. a3 d5 8. Rb1
a6 9. b4 cxb4 10. axb4 d4 11. Na4 Nd5 12. Bd2 Qd6 13. Ng5 h6 14. Ne4 Qd8 15.
Qc1 Kh7 16. Nec5 e6 17. b5 axb5 18. Rxb5 Na7 19. Rb1 Qe7 20. e4 dxe3 21. fxe3
b5 22. c4 bxa4 23. cxd5 exd5 24. Nxa4 Bf5 25. Bb4 Qe8 26. Nb6 Rb8 27. Bxf8 Bxd3
28. Bxg7 Bxb1 29. Nxd5 Qe6 30. Ba1 1-0

[Event "Stuttgarter SF II-SV Wolfbusch"]
[Site "?"]
[Date "2003.03.22"]
[Round "7.8"]
[White "Gabriel, Josef"]
[Black "Hankel, Dennis"]
[Result "1-0"]
[WhiteElo "2080"]
[BlackElo "2094"]
[PlyCount "77"]
[EventDate "2003.??.??"]

1. c4 g6 2. d4 Nf6 3. Nc3 Bg7 4. e4 d6 5. Be2 O-O 6. g4 e5 7. d5 c6 8. h4 a6 9.
g5 Ne8 10. h5 b5 11. hxg6 fxg6 12. Qd3 b4 13. Nd1 Rf7 14. Qg3 cxd5 15. cxd5 Nd7
16. Ne3 Nc5 17. Rh4 Bd7 18. Nc4 Bb5 19. Bd2 Bxc4 20. Bxc4 Qb6 21. b3 Nc7 22.
Qh2 Bf8 23. Ne2 Nb5 24. Be3 Nd4 25. Bxd4 exd4 26. e5 d3 27. e6 Rc7 28. Ng3 Bg7
29. Rd1 Rf8 30. f4 Nxe6 31. dxe6 Qe3+ 32. Ne2 Bc3+ 33. Kf1 dxe2+ 34. Bxe2 Be5
35. Qf2 Bxf4 36. e7 Rxe7 37. Bc4+ Kg7 38. Rxh7+ Kxh7 39. Qh4+ 1-0

[Event "SF Pfullingen-VfL Sindelfingen"]
[Site "?"]
[Date "2003.03.22"]
[Round "7.1"]
[White "Weigand, Bernhard"]
[Black "Vujic, Branimir"]
[Result "1/2-1/2"]
[WhiteElo "2285"]
[BlackElo "2256"]
[PlyCount "146"]
[EventDate "2003.??.??"]

1. e4 d5 2. exd5 Nf6 3. d4 Nxd5 4. c4 Nb6 5. Nf3 g6 6. h3 Bg7 7. Nc3 O-O 8. Be2
Nc6 9. Be3 e5 10. d5 Ne7 11. g4 f5 12. Nh2 Nd7 13. f3 e4 14. f4 c5 15. Qd2 a6
16. g5 Qb6 17. Na4 Qd6 18. O-O b6 19. Nc3 Bb7 20. Rad1 Rfd8 21. a4 Nf8 22. Rf2
Nc8 23. Nf1 Qc7 24. Qc2 Nd6 25. Qb3 Rab8 26. Qa3 a5 27. Nb5 Nxb5 28. axb5 Rd6
29. h4 Rbd8 30. Rd2 Bc8 31. Rh2 Bd7 32. Kf2 Be8 33. Ke1 R6d7 34. Bd1 Bd4 35.
Rhf2 h6 36. Qb3 Bh8 37. Qc2 hxg5 38. hxg5 Rh7 39. Rh2 Bd4 40. Rxh7 Nxh7 41. Rf2
Nf8 42. Qd2 Qg7 43. Ba4 Rd7 44. Rh2 Rd8 45. Qc2 Qc7 46. Qf2 Bg7 47. Qh4 Bd7 48.
Kd1 Bc8 49. Kc1 Rd7 50. Kb1 Qd6 51. Bc2 Re7 52. Qf2 Bh8 53. Ng3 Rh7 54. Rxh7
Nxh7 55. Ne2 Nf8 56. Ka2 Qe7 57. Qh4 Qg7 58. Nc3 Qa7 59. Qe1 Qh7 60. Qd2 Bb7
61. Na4 Nd7 62. Nc3 Qh1 63. Qf2 Bg7 64. Qd2 Qf1 65. Qe2 Qh1 66. Qd2 Qh8 67. Kb1
Bd4 68. Nd1 Kf7 69. Bb3 Ke7 70. Kc1 Kd6 71. Kc2 Bg7 72. Nc3 Qh1 73. Qd1 Qh2+
1/2-1/2

[Event "SF Pfullingen-VfL Sindelfingen"]
[Site "?"]
[Date "2003.03.22"]
[Round "7.3"]
[White "Carstens, Andreas"]
[Black "Einwiller, Bernd"]
[Result "1/2-1/2"]
[WhiteElo "2167"]
[BlackElo "2065"]
[PlyCount "46"]
[EventDate "2003.??.??"]

1. e4 d5 2. exd5 Nf6 3. d4 Nxd5 4. c4 Nb6 5. Nc3 e5 6. dxe5 Qxd1+ 7. Nxd1 Nc6
8. f4 Be6 9. Ne3 Bc5 10. Nf3 Bxe3 11. Bxe3 Nxc4 12. Bxc4 Bxc4 13. Kf2 O-O-O 14.
Rhc1 Bd5 15. Rc3 f6 16. exf6 gxf6 17. a3 Rd7 18. Rac1 Rg8 19. g3 Re8 20. b4 a6
21. Bc5 Re4 22. Nd2 Re6 23. Nf3 Re4 1/2-1/2

[Event "SF Pfullingen-VfL Sindelfingen"]
[Site "?"]
[Date "2003.03.22"]
[Round "7.4"]
[White "Banaszek, Marcin"]
[Black "Weisenburger, Thomas"]
[Result "1-0"]
[WhiteElo "2134"]
[BlackElo "2053"]
[PlyCount "79"]
[EventDate "2003.??.??"]

1. Nf3 f5 2. d4 g6 3. g3 Bg7 4. Bg2 Nf6 5. c4 d6 6. O-O O-O 7. Nc3 Qe8 8. d5 c5
9. Re1 Na6 10. Ng5 h6 11. Nh3 Nc7 12. a4 b6 13. f3 a6 14. Nf2 Bd7 15. e4 fxe4
16. Nfxe4 Qf7 17. Qe2 Nxe4 18. Qxe4 Rae8 19. Qc2 e6 20. Bf4 exd5 21. Bxd6 Rxe1+
22. Rxe1 Re8 23. Qd2 Rxe1+ 24. Qxe1 Ne8 25. Be5 dxc4 26. f4 Nf6 27. Qd2 Kh7 28.
Qd6 Qe6 29. Qb8 Ng4 30. Bd5 Qe8 31. Qxe8 Bxe8 32. Bxg7 Kxg7 33. Bxc4 a5 34. Nd5
Bxa4 35. Nxb6 Bc6 36. Be6 Ne3 37. b3 Kf6 38. Bd7 Be4 39. Kf2 Ng4+ 40. Bxg4 1-0

[Event "SF Pfullingen-VfL Sindelfingen"]
[Site "?"]
[Date "2003.03.22"]
[Round "7.5"]
[White "Cieza, Arcadio"]
[Black "Prochnow, Mario"]
[Result "0-1"]
[WhiteElo "2206"]
[BlackElo "2171"]
[PlyCount "166"]
[EventDate "2003.??.??"]

1. e4 g6 2. d4 Bg7 3. c4 d6 4. Nc3 Nf6 5. Bg5 h6 6. Bxf6 Bxf6 7. f4 O-O 8. e5
Bg7 9. Nf3 c5 10. dxc5 dxe5 11. Qxd8 Rxd8 12. Nd5 Nc6 13. Nxe5 Nxe5 14. fxe5
Bxe5 15. O-O-O Kf8 16. Be2 Bf5 17. g3 Be4 18. Rhe1 e6 19. Nf4 Bd4 20. Bg4 Bc6
21. Nd3 h5 22. Bh3 Rac8 23. Rd2 g5 24. Kc2 Be8 25. Bg2 b6 26. c6 Bxc6 27. Bxc6
Rxc6 28. Ne5 Rcd6 29. Nf3 Bf6 30. Rf2 Kg7 31. Ref1 R8d7 32. b3 g4 33. Nd2 Bd4
34. Re2 f5 35. b4 Bf6 36. Nb3 Rc7 37. c5 Kf7 38. Rf4 bxc5 39. bxc5 Rd5 40. Rc4
h4 41. gxh4 Be7 42. Kb1 Rd1+ 43. Kc2 Rh1 44. Nd4 Rxc5 45. Rxc5 Bxc5 46. Nxe6
Bd6 47. Nd4 f4 48. Nf5 Bf8 49. Rf2 f3 50. Ng3 Rg1 51. Kd3 Bc5 52. Rc2 Bb6 53.
Rc4 f2 54. Rf4+ Ke6 55. a4 Ra1 56. Rxg4 f1=Q+ 57. Nxf1 Rxf1 58. h5 Rf3+ 59. Kc4
Rh3 60. Rg5 Rh4+ 61. Kb5 Be3 62. Rg6+ Kf5 63. Rd6 Rxh2 64. Rd5+ Ke4 65. Rd8
Rxh5+ 66. Kc4 Rc5+ 67. Kb4 Rd5 68. Re8+ Kd4 69. Rc8 Bd2+ 70. Kb3 Kd3 71. Rc7 a5
72. Rh7 Rd4 73. Rc7 Rb4+ 74. Ka3 Bc3 75. Rh7 Bd4 76. Rh3+ Kc4 77. Rh1 Rb3+ 78.
Ka2 Kb4 79. Rh4 Rb2+ 80. Ka1 Rd2+ 81. Kb1 Kb3 82. Rh3+ Bc3 83. Kc1 Re2 0-1

[Event "SF Pfullingen-VfL Sindelfingen"]
[Site "?"]
[Date "2003.03.22"]
[Round "7.6"]
[White "Naegele, Thomas"]
[Black "Weisenburger, Horst"]
[Result "0-1"]
[WhiteElo "2165"]
[BlackElo "2003"]
[PlyCount "60"]
[EventDate "2003.??.??"]

1. e4 d5 2. exd5 Qxd5 3. Nc3 Qa5 4. d4 c6 5. Nf3 Nf6 6. Bc4 Bf5 7. O-O e6 8.
Qe2 Be7 9. Re1 Nbd7 10. Bb3 O-O-O 11. Bd2 Qc7 12. a4 h6 13. a5 g5 14. a6 b6 15.
Rac1 Bd6 16. Nb1 Ne4 17. h3 h5 18. Nxg5 Nxg5 19. Bxg5 Rdg8 20. h4 Bf4 21. Bxf4
Qxf4 22. Qe3 Qxh4 23. Nd2 Nf6 24. Qf3 Rxg2+ 25. Kf1 Rg1+ 26. Kxg1 Rg8+ 27. Kf1
Bh3+ 28. Ke2 Bg4 29. Rg1 Bxf3+ 30. Nxf3 Qe4+ 0-1

[Event "SF Pfullingen-VfL Sindelfingen"]
[Site "?"]
[Date "2003.03.22"]
[Round "7.7"]
[White "Botta, Walter"]
[Black "Altenhof, Martin"]
[Result "0-1"]
[WhiteElo "1965"]
[BlackElo "2199"]
[PlyCount "96"]
[EventDate "2003.??.??"]

1. Nf3 Nf6 2. g3 d5 3. Bg2 c6 4. b3 Bf5 5. O-O e6 6. d3 Be7 7. e3 h6 8. Qe2 O-O
9. Bb2 Nbd7 10. Nbd2 Qc7 11. e4 dxe4 12. dxe4 Bh7 13. Kh1 Rfd8 14. Ne1 Nc5 15.
f3 b5 16. Rf2 Rd7 17. Nf1 Rad8 18. Bh3 Ne8 19. Ng2 Bf6 20. e5 Be7 21. Nge3 Na6
22. a3 Bc5 23. b4 Bd4 24. Bxd4 Rxd4 25. a4 Qb7 26. c3 Rd3 27. Qa2 Rxc3 28. axb5
Nxb4 29. Qa5 Rd4 30. Qxa7 Qxa7 31. Rxa7 cxb5 32. Bg2 Nc2 33. Nxc2 Bxc2 34. Kg1
b4 35. Rd2 Rxd2 36. Nxd2 Nc7 37. Rb7 b3 38. f4 Na6 39. Bf1 Nc5 40. Rb8+ Kh7 41.
Kf2 g5 42. Bc4 gxf4 43. gxf4 Kg6 44. Rg8+ Kf5 45. Rg3 Rxg3 46. hxg3 Ne4+ 47.
Ke3 Nxd2 48. Kxd2 Kg4 0-1

[Event "SF Pfullingen-VfL Sindelfingen"]
[Site "?"]
[Date "2003.03.22"]
[Round "7.8"]
[White "Streck, Alexander"]
[Black "Braun, Jochen"]
[Result "1/2-1/2"]
[WhiteElo "2114"]
[BlackElo "2053"]
[PlyCount "24"]
[EventDate "2003.??.??"]

1. d4 e6 2. Nf3 d5 3. Bf4 Bd6 4. e3 f5 5. Ne5 Nf6 6. c4 O-O 7. Nc3 Nbd7 8. cxd5
Nxd5 9. Nxd5 exd5 10. Qb3 Nf6 11. Be2 c6 12. O-O Ne4 1/2-1/2

[Event "TSF Ditzingen-SV Tuebingen"]
[Site "?"]
[Date "2003.03.22"]
[Round "7.1"]
[White "Roth, Juergen"]
[Black "Schmitt, Axel"]
[Result "1/2-1/2"]
[WhiteElo "2254"]
[BlackElo "2314"]
[PlyCount "110"]
[EventDate "2003.??.??"]

1. Nf3 Nf6 2. b3 d5 3. Bb2 Bg4 4. Ne5 Bh5 5. d4 e6 6. Nd2 Nbd7 7. Ndf3 Bb4+ 8.
c3 Bd6 9. h3 Bxf3 10. Nxf3 O-O 11. e3 Ne4 12. Bd3 f5 13. Qe2 c6 14. O-O Qe7 15.
c4 a5 16. a3 Rf7 17. Rfc1 Raf8 18. Ne5 Nxe5 19. dxe5 Bc5 20. cxd5 cxd5 21. Qc2
b6 22. Rf1 Qb7 23. Kh2 Rc7 24. Qe2 Be7 25. Rac1 Nc5 26. Rc3 Rfc8 27. Bb1 Ne4
28. Rxc7 Rxc7 29. Qd3 b5 30. f3 Nc5 31. Qd1 b4 32. a4 Nd7 33. g4 fxg4 34. hxg4
Nc5 35. Kg3 Bf8 36. Bd4 g6 37. Bc2 Rf7 38. Qe2 Qa6 39. Qxa6 Nxa6 40. Bd3 Nc5
41. Bc2 Rc7 42. Rf2 Nd7 43. Bd3 Bc5 44. Rc2 Bxd4 45. exd4 Rc3 46. Rxc3 bxc3 47.
Kf2 Nb8 48. Ke3 Nc6 49. g5 Nb4 50. Bb5 Kf7 51. f4 Ke7 52. Ke2 Kd8 53. Kd1 Ke7
54. Kc1 Kd8 55. Kd1 Ke7 1/2-1/2

[Event "TSF Ditzingen-SV Tuebingen"]
[Site "?"]
[Date "2003.03.22"]
[Round "7.2"]
[White "Ortmann, David"]
[Black "Frick, Christoph"]
[Result "1/2-1/2"]
[WhiteElo "2197"]
[BlackElo "2193"]
[PlyCount "114"]
[EventDate "2003.??.??"]

1. Nf3 d6 2. d4 Bg4 3. c4 Bxf3 4. exf3 g6 5. Nc3 Bg7 6. Be3 Nc6 7. d5 Ne5 8.
Qd2 Nf6 9. h3 O-O 10. Be2 c5 11. O-O a6 12. a4 Rb8 13. Rfe1 Ne8 14. Bg5 f5 15.
f4 Nf7 16. Bh4 Bf6 17. Bxf6 exf6 18. Bd3 Ng7 19. Ne2 b6 20. b4 a5 21. bxa5 bxa5
22. Nc3 Rb4 23. Nb5 Qd7 24. Qc3 Nd8 25. Re3 Re8 26. Qxf6 Rxe3 27. fxe3 Nf7 28.
Ra3 Qe8 29. Kf2 Nh5 30. Qh4 Rb2+ 31. Kf3 Rd2 32. Nc7 Qb8 33. Nb5 Qe8 34. Nc7
Qb8 35. Nb5 Qe8 36. Rb3 Rxd3 37. Rxd3 Qe4+ 38. Ke2 Qxg2+ 39. Kd1 Ng3 40. Rd2
Qf1+ 41. Kc2 Qxc4+ 42. Nc3 Ne4 43. Rd3 Nxc3 44. Rxc3 Qxa4+ 45. Kb2 c4 46. Qe1
Qb5+ 47. Ka2 Qxd5 48. Qe2 Kg7 49. Qxc4 Qd2+ 50. Kb1 h6 51. Rd3 Qe1+ 52. Kb2 g5
53. Qd4+ Kg6 54. fxg5 hxg5 55. Qd5 a4 56. Qe6+ Kg7 57. Qxf5 Qb4+ 1/2-1/2

[Event "TSF Ditzingen-SV Tuebingen"]
[Site "?"]
[Date "2003.03.22"]
[Round "7.3"]
[White "Khadempour, Farhad"]
[Black "Wittmann, Ralf"]
[Result "1-0"]
[WhiteElo "2168"]
[BlackElo "2132"]
[PlyCount "61"]
[EventDate "2003.??.??"]

1. c4 f5 2. Nc3 Nf6 3. Nf3 g6 4. g3 Bg7 5. Bg2 O-O 6. O-O d6 7. d3 e5 8. Rb1
Nc6 9. b4 Ne7 10. Qb3 h6 11. c5+ Kh7 12. cxd6 cxd6 13. b5 Nd7 14. Na4 Nb6 15.
Nxb6 Qxb6 16. Ba3 Rf6 17. Nxe5 dxe5 18. Bxe7 Be6 19. Bd5 Rf7 20. Ba3 Bxd5 21.
Qxd5 Qf6 22. Bb2 f4 23. Bxe5 Qf5 24. d4 Bxe5 25. Qxe5 Qxe5 26. dxe5 Re8 27.
gxf4 Rxf4 28. b6 axb6 29. Rxb6 Rxe5 30. Rxb7+ Kg8 31. e3 1-0

[Event "TSF Ditzingen-SV Tuebingen"]
[Site "?"]
[Date "2003.03.22"]
[Round "7.4"]
[White "Meier, Thomas"]
[Black "Weber, Klaus"]
[Result "1-0"]
[WhiteElo "2257"]
[BlackElo "2138"]
[PlyCount "79"]
[EventDate "2003.??.??"]

1. d4 c5 2. d5 e5 3. g3 d6 4. Bg2 Be7 5. Nf3 h6 6. Nc3 Bg5 7. e3 Qa5 8. O-O b5
9. Nxg5 hxg5 10. Ne4 Qd8 11. f4 gxf4 12. exf4 f5 13. Nxd6+ Qxd6 14. fxe5 Qb6
15. Qf3 a5 16. e6 Nf6 17. Qxf5 c4+ 18. Kh1 O-O 19. Bg5 Na6 20. Qe5 Qb8 21. d6
Bb7 22. e7 Rf7 23. Bxf6 Bxg2+ 24. Kxg2 gxf6 25. Rxf6 Qb7+ 26. Kg1 Qb6+ 27. Kf1
Qc6 28. Rxf7 Kxf7 29. Re1 Qh1+ 30. Ke2 Qc6 31. Rf1+ Ke8 32. Rf8+ Kd7 33. e8=Q+
Rxe8 34. Qxe8+ Kxd6 35. Rf6+ Kc5 36. Qxc6+ Kb4 37. Qd6+ Nc5 38. c3+ Ka4 39.
Qxc5 b4 40. Qc6# 1-0

[Event "TSF Ditzingen-SV Tuebingen"]
[Site "?"]
[Date "2003.03.22"]
[Round "7.5"]
[White "Schmidt, Olaf"]
[Black "Beyer, Christian"]
[Result "1/2-1/2"]
[WhiteElo "2099"]
[BlackElo "2165"]
[PlyCount "59"]
[EventDate "2003.??.??"]

1. d4 d5 2. c4 e6 3. Nf3 c5 4. cxd5 exd5 5. Nc3 Nc6 6. g3 Nf6 7. Bg2 Be7 8. O-O
O-O 9. Bg5 c4 10. Ne5 Be6 11. f4 Ng4 12. f5 Ncxe5 13. Bxe7 Qxe7 14. fxe6 fxe6
15. dxe5 Qc5+ 16. Kh1 Nf2+ 17. Rxf2 Rxf2 18. Qg1 Qb6 19. Bf3 Rf8 20. Nd1 R8xf3
21. exf3 Rxf3 22. Qxb6 axb6 23. Kg2 Rf5 24. b3 b5 25. bxc4 bxc4 26. Rb1 Rxe5
27. Kf2 Rh5 28. h4 d4 29. Rxb7 Ra5 30. Rb2 1/2-1/2